|
|
|
|
| LEADER |
00000naa2a2200000 4500 |
| 001 |
385576 |
| 005 |
20231101063359.0 |
| 035 |
|
|
|a (RuTPU)RU\TPU\prd\13483
|
| 090 |
|
|
|a 385576
|
| 100 |
|
|
|a 20030508a2003 k y0rusy50 ca
|
| 101 |
0 |
|
|a rus
|
| 102 |
|
|
|a RU
|
| 200 |
1 |
|
|a Комплексная техника и технология изоляции пластовых вод при заканчивании скважин
|f Р. Г. Габидуллин, В. М. Хусаинов, Н. И. Хаминов, Н. А. Назимов
|
| 225 |
1 |
|
|a Техника и технология добычи нефти
|
| 320 |
|
|
|a Библиогр.: 3 назв.
|
| 461 |
|
1 |
|0 (RuTPU)RU\TPU\prd\1638
|x 0028-2448
|t Нефтяное хозяйство
|o научно-технический производственный журнал
|d 1925-1940, 1946-
|
| 463 |
|
1 |
|0 (RuTPU)RU\TPU\prd\13359
|t № 3
|v С. 7-73
|d 2003
|
| 610 |
1 |
|
|a заканчивание
|
| 610 |
1 |
|
|a комплексная техника
|
| 610 |
1 |
|
|a скважины
|
| 610 |
1 |
|
|a пластовые воды
|
| 610 |
1 |
|
|a изоляция
|
| 610 |
1 |
|
|a обсадные колонны
|
| 610 |
1 |
|
|a закачивание
|
| 675 |
|
|
|a 622.276.7
|v 3
|
| 701 |
|
1 |
|a Габидуллин
|b Р. Г.
|
| 701 |
|
1 |
|a Хусаинов
|b В. М.
|
| 701 |
|
1 |
|a Хаминов
|b Н. И.
|
| 701 |
|
1 |
|a Назимов
|b Н. А.
|
| 801 |
|
1 |
|a RU
|b 63413507
|c 20030508
|g PSBO
|
| 801 |
|
2 |
|a RU
|b 63413507
|c 20131025
|g RCR
|
| 942 |
|
|
|c BK
|